Maximum parametric soft density of lattice configurations of balls

In 2018, Edelsbrunner and Iglesias-Ham defined a notion of density, called first soft density, for lattice packings of congruent balls in Euclidean 3- space, which penalizes gaps and multiple overlaps. In their paper, they showed that this density is maximal in a 1-parameter family of lattices, call...

Teljes leírás

Elmentve itt :
Bibliográfiai részletek
Szerző: Almohammad Sami Mezal
Dokumentumtípus: Cikk
Megjelent: Bolyai Institute, University of Szeged Szeged 2021
Sorozat:Acta scientiarum mathematicarum 87 No. 3-4
Kulcsszavak:Geometria, Matematika
Tárgyszavak:
doi:10.14232/actasm-020-483-y

Online Access:http://acta.bibl.u-szeged.hu/75858
LEADER 01581nab a2200229 i 4500
001 acta75858
005 20260218112317.0
008 220524s2021 hu o 000 eng d
022 |a 2064-8316 
024 7 |a 10.14232/actasm-020-483-y  |2 doi 
040 |a SZTE Egyetemi Kiadványok Repozitórium  |b hun 
041 |a eng 
100 1 |a Almohammad Sami Mezal 
245 1 0 |a Maximum parametric soft density of lattice configurations of balls  |h [elektronikus dokumentum] /  |c  Almohammad Sami Mezal 
260 |a Bolyai Institute, University of Szeged  |b Szeged  |c 2021 
300 |a 615-647 
490 0 |a Acta scientiarum mathematicarum  |v 87 No. 3-4 
520 3 |a In 2018, Edelsbrunner and Iglesias-Ham defined a notion of density, called first soft density, for lattice packings of congruent balls in Euclidean 3- space, which penalizes gaps and multiple overlaps. In their paper, they showed that this density is maximal in a 1-parameter family of lattices, called diagonal family, for a configuration of congruent balls whose centers are the points of a face-centered cubic lattice. In this note we extend their notion of density, which we call first soft density of weight t, and show that it is maximal in the diagonal family for some family of congruent balls centered at the points of a face-centered cubic lattice, for every t ≥ 1, and at the points of a body-centered cubic lattice for t = 0.5. 
650 4 |a Természettudományok 
650 4 |a Matematika 
695 |a Geometria, Matematika 
856 4 0 |u http://acta.bibl.u-szeged.hu/75858/1/math_087_numb_003-004_615-647.pdf  |z Dokumentum-elérés